| 000 | 00351 a2200157 4500 | ||
|---|---|---|---|
| 001 | 46606 | ||
| 020 | _a9788574065458 | ||
| 040 | _cAnchieta - Aquarius | ||
| 100 | _aMickelburgh, Juliet | ||
| 240 | 1 | 0 |
_aAninha, a pestinha _lpor |
| 245 | 1 | 0 | _aAninha, a pestinha |
| 300 | _a | ||
| 362 | 0 | _a2012 | |
| 650 | 4 | _aLiteratura infanto-juvenil | |
| 942 | _cBK | ||
| 999 |
_c46606 _d46606 |
||